[Event "Geneve Bois Gentil op"]
[Site "Geneve"]
[Date "2020.01.10"]
[Round "1"]
[White "Koroteeva, Ksenia"]
[Black "Longepierre, Chloe"]
[Result "1-0"]
[WhiteElo "1981"]
[BlackElo "1618"]
[PlyCount "93"]
[EventDate "2020.01.10"]
[EventType "swiss"]
[EventRounds "7"]
[EventCountry "SUI"]
[SourceTitle "CBM 195 Extra"]
[Source "ChessBase"]
[SourceDate "2020.05.31"]
[SourceVersion "1"]
[SourceVersionDate "2020.05.31"]
[SourceQuality "1"]

1. e4 e5 2. Nf3 Nc6 3. d4 exd4 4. Nxd4 Nf6 5. Nxc6 bxc6 6. e5 Nd5 7. c4 Bb4+ 8. Bd2 Bxd2+ 9. Qxd2 Ne7 10. Nc3 0-0 11. g3 Ba6 12. 0-0-0 d5 13. exd6 cxd6 14. Qxd6 Qxd6 15. Rxd6 Rad8 16. Rxd8 Rxd8 17. b3 Nf5 18. Bg2 Nd4 19. Rd1 c5 20. Bd5 Re8 21. Ne4 Bc8 22. Nxc5 Ne2+ 23. Kd2 Nd4 24. Re1 Rd8 25. Kc3 Nf5 26. Nb7 Bxb7 27. Bxb7 g6 28. Bd5 Rd7 29. Rd1 Re7 30. Bf3 Kg7 31. c5 Rc7 32. c6 Kf6 33. b4 Ke7 34. Rd7+ Rxd7 35. cxd7 Kxd7 36. Bg4 Ke6 37. Bxf5+ gxf5 38. Kd4 Kd6 39. a4 f6 40. b5 h6 41. f4 h5 42. h3 Kd7 43. Kd5 Kc7 44. a5 Kd7 45. b6 a6 46. Kc5 Kd8 47. Kd6 1-0

[Event "Moscow op-C (Women)"]
[Site "Moscow"]
[Date "2010.02.07"]
[Round "9.49"]
[White "Koroteeva, Ksenia"]
[Black "Abdumalik, Zhansaya"]
[Result "1/2-1/2"]
[WhiteElo "1982"]
[BlackElo "1816"]
[PlyCount "99"]
[EventDate "2010.01.30"]
[EventType "swiss"]
[EventRounds "9"]
[EventCountry "RUS"]
[SourceTitle "EXT 2023"]
[Source "ChessBase"]
[SourceDate "2022.10.05"]
[SourceVersion "1"]
[SourceVersionDate "2022.10.05"]
[SourceQuality "1"]

1. e4 c5 2. Nf3 e6 3. d4 cxd4 4. Nxd4 a6 5. Nc3 Qc7 6. Be2 Nf6 7. 0-0 Bb4 8. Qd3 0-0 9. Bg5 Be7 10. f4 h6 11. Bxf6 Bxf6 12. e5 Be7 13. Qe4 d5 14. Qd3 Nc6 15. Kh1 Bc5 16. Nf3 b5 17. a3 Bb7 18. Nh4 Be7 19. Qg3 d4 20. Nd5 Qd8 21. Nxe7+ Qxe7 22. Bd3 b4 23. Ng6 Qc7 24. Nxf8 Rxf8 25. Qe1 Qb6 26. Be4 a5 27. Qe2 Rd8 28. axb4 axb4 29. Bd3 Ne7 30. Ba6 Bc6 31. Bd3 Qb7 32. Ra6 Nf5 33. Rxc6 Qxc6 34. Be4 Qb6 35. Bxf5 exf5 36. Qd3 g6 37. Ra1 Qc6 38. h3 Qe4 39. Qxe4 fxe4 40. Re1 e3 41. b3 d3 42. cxd3 Rxd3 43. Kg1 Rxb3 44. Kf1 Rc3 45. Ke2 b3 46. Ra1 Kf8 47. Ra7 Rc2+ 48. Kxe3 Rxg2 49. Rb7 Rg3+ 50. Ke4 1/2-1/2

[Event "Bykova Memorial op (Women)"]
[Site "Suzdal"]
[Date "2009.12.11"]
[Round "3"]
[White "Koroteeva, Ksenia"]
[Black "Doluhanova, Evgeniya"]
[Result "1-0"]
[WhiteElo "1970"]
[BlackElo "2327"]
[PlyCount "61"]
[EventDate "2009.12.09"]
[EventType "swiss"]
[EventRounds "9"]
[EventCountry "RUS"]
[SourceTitle "EXT 2011"]
[Source "ChessBase"]
[SourceDate "2010.11.26"]
[SourceVersion "1"]
[SourceVersionDate "2010.11.26"]
[SourceQuality "1"]

1. e4 c5 2. Nf3 Nc6 3. d4 cxd4 4. Nxd4 Nf6 5. Nc3 e5 6. Ndb5 d6 7. Bg5 a6 8. Na3 b5 9. Bxf6 gxf6 10. Nd5 f5 11. Bd3 Be6 12. Qh5 f4 13. g3 fxg3 14. hxg3 Bg7 15. 0-0-0 h6 16. f4 Bxd5 17. exd5 Nb4 18. Bf5 Nxa2+ 19. Kb1 Qa5 20. Kxa2 b4 21. fxe5 bxa3 22. bxa3 Bxe5 23. Qf3 Rb8 24. Rb1 Ke7 25. Rhf1 Qc5 26. Qd3 Rhg8 27. Be6 Rxb1 28. Rxb1 Rxg3 29. Rb7+ Kf6 30. Qf5+ Kg7 31. Rxf7+ 1-0

[Event "Bykova Memorial op (Women)"]
[Site "Suzdal"]
[Date "2009.12.09"]
[Round "1"]
[White "Koroteeva, Ksenia"]
[Black "Eidelson, Rakhil"]
[Result "0-1"]
[WhiteElo "1970"]
[BlackElo "2248"]
[PlyCount "98"]
[EventDate "2009.12.09"]
[EventType "swiss"]
[EventRounds "9"]
[EventCountry "RUS"]
[SourceTitle "EXT 2011"]
[Source "ChessBase"]
[SourceDate "2010.11.26"]
[SourceVersion "1"]
[SourceVersionDate "2010.11.26"]
[SourceQuality "1"]

1. e4 d6 2. d4 g6 3. Nc3 Bg7 4. f4 Nd7 5. Nf3 c5 6. d5 a6 7. a4 Qc7 8. Be2 Ngf6 9. 0-0 0-0 10. Re1 Rb8 11. Bf1 c4 12. Nd4 Ng4 13. h3 Qc5 14. Nce2 Ngf6 15. Be3 Qb4 16. c3 Qa5 17. Ng3 h5 18. Bf2 Qc7 19. Qe2 h4 20. Nh1 Nh5 21. f5 Ne5 22. Bxh4 Nd3 23. Red1 Bh6 24. Qc2 Be3+ 25. Bf2 Nxf2 26. Nxf2 Ng3 27. Re1 Bf4 28. Ne2 Nxe2+ 29. Qxe2 b5 30. axb5 axb5 31. Qf3 Be5 32. Ng4 Bg7 33. Ne3 Bd7 34. g4 b4 35. Nxc4 bxc3 36. bxc3 Rb3 37. Rac1 Ra8 38. Qe3 Ra4 39. Nd2 Rxc3 40. Rxc3 Qxc3 41. Nf3 Qb4 42. Bd3 Ra3 43. Qe2 Qc3 44. Rd1 Ba4 45. Rd2 Ra1+ 46. Kg2 Qc1 47. Qf1 Bd1 48. Rf2 Qe3 49. Be2 Bc2 0-1

[Event "RUS-ch U16 Girls"]
[Site "Dagomys"]
[Date "2009.04.19"]
[Round "5"]
[White "Gorozhankina, Julia"]
[Black "Koroteeva, Ksenia"]
[Result "1/2-1/2"]
[WhiteElo "2080"]
[BlackElo "1973"]
[PlyCount "93"]
[EventDate "2009.04.15"]
[EventType "swiss"]
[EventRounds "9"]
[EventCountry "RUS"]
[SourceTitle "CBM 130 Extra"]
[Source "ChessBase"]
[SourceDate "2009.07.02"]
[SourceVersion "2"]
[SourceVersionDate "2009.07.15"]
[SourceQuality "1"]

1. e4 c5 2. Nf3 a6 3. c3 d5 4. e5 d4 5. Bd3 Nc6 6. 0-0 e6 7. Be4 Nge7 8. Re1 g6 9. d3 Bg7 10. Bf4 0-0 11. Qc1 dxc3 12. bxc3 Rb8 13. Nbd2 Nd5 14. Bg3 Nde7 15. Nc4 b5 16. Nd6 Bd7 17. d4 c4 18. Bc2 Nd5 19. Qd2 Qa5 20. Ne4 b4 21. cxb4 Qxb4 22. Reb1 Qxd2 23. Nexd2 Ncb4 24. Be4 Nc3 25. Rf1 Bb5 26. a3 Ne2+ 27. Kh1 Nd5 28. a4 c3 29. axb5 cxd2 30. Rxa6 Bh6 31. Bxd5 exd5 32. e6 Nxg3+ 33. hxg3 Rfc8 34. exf7+ Kxf7 35. Ne5+ Kg8 36. Nc6 Rb7 37. f4 Re8 38. Ne5 Rc8 39. Rc6 Ra8 40. Rc2 Rxb5 41. Rxd2 Rab8 42. Rfd1 Rb1 43. Nd7 Rxd1+ 44. Rxd1 Rb5 45. Nf6+ Kf7 46. Ng4 Bg7 47. Ne5+ 1/2-1/2

[Event "Moscow op (Women)"]
[Site "Moscow"]
[Date "2009.02.02"]
[Round "3"]
[White "Koroteeva, Ksenia"]
[Black "Artemenko, Rimma"]
[Result "1-0"]
[WhiteElo "1951"]
[BlackElo "1579"]
[PlyCount "39"]
[EventDate "2009.01.31"]
[EventType "swiss"]
[EventRounds "9"]
[EventCountry "RUS"]
[SourceTitle "EXT 2012"]
[Source "ChessBase"]
[SourceDate "2011.11.24"]
[SourceVersion "1"]
[SourceVersionDate "2011.11.24"]
[SourceQuality "1"]

1. e4 c5 2. Nf3 Nf6 3. Nc3 e6 4. d4 cxd4 5. Nxd4 Bb4 6. Bd3 a6 7. 0-0 d6 8. Kh1 b5 9. f4 Bb7 10. e5 Bxc3 11. bxc3 Nd5 12. f5 dxe5 13. Nxe6 Qa5 14. Nxg7+ Ke7 15. f6+ Nxf6 16. Bg5 Nbd7 17. Bf5 Rad8 18. Bxd7 Qb6 19. Nf5+ Kf8 20. Bh6+ 1-0

[Event "Moscow op (Women)"]
[Site "Moscow"]
[Date "2009.02.01"]
[Round "2"]
[White "Skakun, Valentina"]
[Black "Koroteeva, Ksenia"]
[Result "1-0"]
[WhiteElo "1700"]
[BlackElo "1951"]
[PlyCount "117"]
[EventDate "2009.01.31"]
[EventType "swiss"]
[EventRounds "9"]
[EventCountry "RUS"]
[SourceTitle "EXT 2012"]
[Source "ChessBase"]
[SourceDate "2011.11.24"]
[SourceVersion "1"]
[SourceVersionDate "2011.11.24"]
[SourceQuality "1"]

1. d4 Nf6 2. c4 g6 3. Nc3 Bg7 4. e4 d6 5. Be2 0-0 6. Nf3 e5 7. 0-0 Nc6 8. dxe5 dxe5 9. Bg5 Be6 10. Qxd8 Rfxd8 11. Nd5 Bxd5 12. cxd5 Nb8 13. Nxe5 Re8 14. Bxf6 Bxf6 15. Ng4 Bg7 16. Bf3 Nd7 17. Rac1 Rac8 18. Rc2 h5 19. Ne3 Ne5 20. Nc4 Nd3 21. a3 b5 22. Na5 Nxb2 23. Nc6 a6 24. d6 cxd6 25. Ne7+ Rxe7 26. Rxc8+ Kh7 27. Ra8 Nc4 28. Rxa6 Bb2 29. a4 b4 30. Rc6 Nd2 31. Rd1 Bc3 32. Rxd6 b3 33. R6xd2 Bxd2 34. Rxd2 Rc7 35. Bd1 Rc1 36. Kf1 b2 37. Rxb2 Rxd1+ 38. Ke2 Ra1 39. Rb4 Ra2+ 40. Ke3 Kg7 41. e5 Ra3+ 42. Kf4 Ra2 43. Kg3 Ra3+ 44. f3 Ra2 45. f4 Ra3+ 46. Kh4 Ra2 47. Kh3 Ra3+ 48. g3 Ra2 49. Rc4 Ra3 50. Kh4 Ra2 51. h3 Ra1 52. g4 hxg4 53. hxg4 Rh1+ 54. Kg5 Ra1 55. Rc7 Rxa4 56. e6 Ra5+ 57. f5 gxf5 58. gxf5 Kg8 59. Rxf7 1-0

[Event "Moscow Petrosian Memorial U18"]
[Site "Moscow"]
[Date "2009.01.??"]
[Round "5"]
[White "Koroteeva, Ksenia"]
[Black "Baraeva, Irina"]
[Result "1-0"]
[WhiteElo "1952"]
[BlackElo "1997"]
[PlyCount "115"]
[EventDate "2009.01.??"]
[EventType "swiss"]
[EventRounds "9"]
[EventCountry "RUS"]
[SourceTitle "EXT 2010"]
[Source "ChessBase"]
[SourceDate "2010.11.25"]
[SourceVersion "1"]
[SourceVersionDate "2010.11.25"]
[SourceQuality "1"]

1. d4 d5 2. Bg5 Nf6 3. Bxf6 gxf6 4. e3 c5 5. Nf3 Nc6 6. c4 cxd4 7. Nxd4 Nxd4 8. exd4 dxc4 9. Bxc4 Bg7 10. Nc3 0-0 11. 0-0 Bf5 12. Bd3 Bxd3 13. Qxd3 Qd7 14. Rad1 Rad8 15. Rfe1 Kh8 16. Qe3 Rde8 17. Ne4 Rg8 18. Nc5 Qd5 19. Qb3 Qxb3 20. Nxb3 f5 21. Na5 b6 22. Nc6 e6 23. Ne5 Re7 24. Kf1 Bh6 25. d5 Rb7 26. dxe6 fxe6 27. Nc6 Re8 28. Rd6 Bg7 29. Rdxe6 Rxe6 30. Rxe6 Bxb2 31. Re8+ Kg7 32. Re7+ Rxe7 33. Nxe7 Kf6 34. Nc8 Ke6 35. Nxa7 Kd7 36. Ke2 Kc7 37. Kd3 Be5 38. Nb5+ Kc6 39. Nd4+ Kc5 40. Nxf5 Kb4 41. Ne3 Bxh2 42. g3 h5 43. Nf5 Ka3 44. Nh4 Bg1 45. Ke2 Kxa2 46. Nf3 Kb3 47. Nxg1 Kc4 48. Nf3 Kd5 49. Kd3 b5 50. Nd4 b4 51. Nc2 b3 52. Ne3+ Ke5 53. Nc4+ Kf5 54. f3 Kg5 55. Kc3 h4 56. gxh4+ Kxh4 57. Kxb3 Kg3 58. Nd2 1-0

[Event "Moscow Petrosian Memorial U18"]
[Site "Moscow"]
[Date "2009.01.??"]
[Round "1"]
[White "Koroteeva, Ksenia"]
[Black "Kurukin, Dmitry"]
[Result "0-1"]
[WhiteElo "1952"]
[BlackElo "2202"]
[PlyCount "58"]
[EventDate "2009.01.??"]
[EventType "swiss"]
[EventRounds "9"]
[EventCountry "RUS"]
[SourceTitle "EXT 2010"]
[Source "ChessBase"]
[SourceDate "2010.11.25"]
[SourceVersion "1"]
[SourceVersionDate "2010.11.25"]
[SourceQuality "1"]

1. e4 e5 2. Nf3 Nc6 3. d4 exd4 4. Nxd4 Nf6 5. Nxc6 bxc6 6. e5 Qe7 7. Qe2 Nd5 8. c4 Nb6 9. b3 Qe6 10. Bb2 Bb4+ 11. Nd2 a5 12. g3 Ba6 13. Qe3 0-0 14. Bd3 d5 15. exd6 Qxe3+ 16. fxe3 cxd6 17. e4 d5 18. exd5 Rfe8+ 19. Kd1 cxd5 20. a3 Bxd2 21. Kxd2 dxc4 22. bxc4 Bxc4 23. Bxc4 Nxc4+ 24. Kc3 Rec8 25. Rac1 Rab8 26. Ba1 Nxa3+ 27. Kd3 Rb3+ 28. Rc3 Rcxc3+ 29. Bxc3 Nb5 0-1

[Event "Moscow Petrosian Memorial U18"]
[Site "Moscow"]
[Date "2009.01.??"]
[Round "7"]
[White "Koroteeva, Ksenia"]
[Black "Oparin, Grigoriy"]
[Result "0-1"]
[WhiteElo "1952"]
[BlackElo "2189"]
[PlyCount "58"]
[EventDate "2009.01.??"]
[EventType "swiss"]
[EventRounds "9"]
[EventCountry "RUS"]
[SourceTitle "EXT 2010"]
[Source "ChessBase"]
[SourceDate "2010.11.25"]
[SourceVersion "1"]
[SourceVersionDate "2010.11.25"]
[SourceQuality "1"]

1. e4 c5 2. Nf3 d6 3. d4 cxd4 4. Nxd4 Nf6 5. Nc3 a6 6. Bc4 e6 7. Be3 Be7 8. Bb3 b5 9. Qe2 0-0 10. 0-0-0 b4 11. Na4 Qc7 12. Rhg1 Nbd7 13. g4 Nxe4 14. g5 Ndc5 15. Qh5 Rd8 16. f3 Nxa4 17. fxe4 Nc5 18. Bc4 Nxe4 19. Rdf1 Bf8 20. Rf4 g6 21. Qf3 d5 22. Rf1 Nd6 23. Nc6 Qxc6 24. Rxf7 Nf5 25. Rxh7 Kxh7 26. Bd4 Kg8 27. Bf6 Qxc4 28. Bxd8 Bd7 29. Bf6 Rc8 0-1

[Event "Moscow Petrosian Memorial U18"]
[Site "Moscow"]
[Date "2009.01.??"]
[Round "6"]
[White "Markevich, Arseniy"]
[Black "Koroteeva, Ksenia"]
[Result "0-1"]
[WhiteElo "2116"]
[BlackElo "1952"]
[PlyCount "136"]
[EventDate "2009.01.??"]
[EventType "swiss"]
[EventRounds "9"]
[EventCountry "RUS"]
[SourceTitle "EXT 2010"]
[Source "ChessBase"]
[SourceDate "2010.11.25"]
[SourceVersion "1"]
[SourceVersionDate "2010.11.25"]
[SourceQuality "1"]

1. d4 Nf6 2. Bg5 g6 3. Nc3 Bg7 4. e4 d6 5. Qd2 h6 6. Be3 a6 7. a4 Nbd7 8. h3 b6 9. f4 Bb7 10. e5 Nh5 11. Nce2 c5 12. c3 cxd4 13. cxd4 dxe5 14. fxe5 f6 15. Qd3 Nf8 16. exf6 Nxf6 17. Nf3 Be4 18. Qd2 Nd5 19. Bf2 Ne6 20. Ng3 Bxf3 21. gxf3 0-0 22. Bd3 Ng5 23. 0-0-0 Nxf3 24. Qe2 Qd6 25. Kb1 Ng5 26. h4 Ne6 27. Bc2 Nef4 28. Qe4 Nf6 29. Qf3 N6d5 30. Qe4 Rac8 31. h5 Qb4 32. Be1 Qc4 33. hxg6 Ne3 34. Rc1 Nxc2 35. Rxc2 Qxc2+ 36. Qxc2 Rxc2 37. Kxc2 Nxg6 38. Bd2 Nf4 39. Rh4 Ne6 40. d5 Nd4+ 41. Kd1 Nf3 42. Re4 Nxd2 43. Kxd2 Rd8 44. Rxe7 Bxb2 45. Re6 Rxd5+ 46. Kc2 Bd4 47. Rxh6 Kf7 48. Rh5 Rxh5 49. Nxh5 Be5 50. Kd3 Kg6 51. Ke4 Bh2 52. Nf4+ Bxf4 53. Kxf4 Kf6 54. Ke4 Ke6 55. Kd4 Kd6 56. Kc4 Ke5 57. a5 b5+ 58. Kc5 Ke4 59. Kb6 b4 60. Kxa6 b3 61. Kb7 b2 62. a6 b1Q+ 63. Ka8 Kd5 64. a7 Qa1 65. Kb7 Qg7+ 66. Ka6 Qf6+ 67. Kb7 Qc6+ 68. Kb8 Kd6 0-1

[Event "Moscow Petrosian Memorial U18"]
[Site "Moscow"]
[Date "2009.01.??"]
[Round "2"]
[White "Pylaeva, Ekaterina"]
[Black "Koroteeva, Ksenia"]
[Result "0-1"]
[WhiteElo "1676"]
[BlackElo "1952"]
[PlyCount "120"]
[EventDate "2009.01.??"]
[EventType "swiss"]
[EventRounds "9"]
[EventCountry "RUS"]
[SourceTitle "EXT 2010"]
[Source "ChessBase"]
[SourceDate "2010.11.25"]
[SourceVersion "1"]
[SourceVersionDate "2010.11.25"]
[SourceQuality "1"]

1. e4 c5 2. Nf3 Nc6 3. d4 cxd4 4. Nxd4 Nf6 5. Nc3 e6 6. Ndb5 Bb4 7. a3 Bxc3+ 8. Nxc3 d5 9. exd5 exd5 10. Bd3 0-0 11. 0-0 d4 12. Ne2 Bg4 13. Bg5 Qd6 14. f3 Bh5 15. Qd2 Rfe8 16. Rad1 Rad8 17. Bh4 Rd7 18. Bf2 Qc7 19. Rfe1 Bxf3 20. Bg3 Qb6 21. gxf3 Qxb2 22. Ra1 Qb6 23. Reb1 Qd8 24. Rb5 a6 25. Rf5 Nd5 26. Rh5 Nf6 27. Bh4 Ne5 28. Rf1 Ng6 29. Bg5 Qb6 30. Bxf6 Qxf6 31. Ng3 Qe7 32. Qb4 Qe3+ 33. Kh1 h6 34. Bxg6 fxg6 35. Qc4+ Kh7 36. Rd5 Rxd5 37. Qxd5 Rc8 38. Qxb7 Rxc2 39. Qb4 d3 40. Ne4 Qf4 41. Qd6 Rxh2+ 42. Kg1 Qxd6 43. Nxd6 Ra2 44. Nc4 Rc2 45. Ne3 Rc3 46. Ra1 d2 47. Kf2 Rc1 48. Ra2 d1Q 49. Nxd1 Rxd1 50. Ke2 Rd6 51. Rc2 g5 52. Ke3 h5 53. Rc5 Kh6 54. f4 gxf4+ 55. Kxf4 Rd4+ 56. Kf5 Ra4 57. Rc6+ Kh7 58. Kg5 Ra5+ 59. Kh4 g6 60. Rc7+ Kh6 0-1

[Event "Bykova Memorial op (Women)"]
[Site "Vladimir"]
[Date "2008.12.16"]
[Round "6"]
[White "Bochenkova, Azzama"]
[Black "Koroteeva, Ksenia"]
[Result "1/2-1/2"]
[WhiteElo "1877"]
[BlackElo "1936"]
[PlyCount "152"]
[EventDate "2008.12.10"]
[EventType "swiss"]
[EventRounds "9"]
[EventCountry "RUS"]
[SourceTitle "EXT 2010"]
[Source "ChessBase"]
[SourceDate "2010.11.25"]
[SourceVersion "1"]
[SourceVersionDate "2010.11.25"]
[SourceQuality "1"]

1. e4 c5 2. Nf3 Nc6 3. c3 d5 4. exd5 Qxd5 5. d4 Bg4 6. Be2 e6 7. 0-0 Nf6 8. Be3 cxd4 9. cxd4 Be7 10. Nc3 Qd8 11. h3 Bh5 12. Rc1 0-0 13. a3 Nd5 14. Ne4 Rc8 15. Qd2 Qa5 16. Qd3 Bg6 17. Bd2 Qb6 18. Bc3 Nxc3 19. Rxc3 Qxb2 20. Rb1 Bxe4 21. Rxb2 Bxd3 22. Rxd3 b6 23. Ne5 Na5 24. Bf3 Rfd8 25. Rbd2 f6 26. Ng4 Nc4 27. Ra2 f5 28. Ne3 Ne5 29. Rdd2 Nxf3+ 30. gxf3 g6 31. f4 Bd6 32. d5 Bxf4 33. dxe6 Re8 34. Nd5 Bxd2 35. Nf6+ Kf8 36. Nxe8 Rxe8 37. Rxd2 Rxe6 38. Rd7 Re7 39. Rd8+ Kf7 40. Rh8 Kf6 41. Kg2 Kg7 42. Ra8 Kf6 43. Kf3 Kg5 44. Kg3 f4+ 45. Kf3 Rf7 46. Kg2 Kh4 47. Rh8 f3+ 48. Kh2 h5 49. Rc8 g5 50. Ra8 Rg7 51. Rf8 g4 52. hxg4 Kxg4 53. Rd8 Rf7 54. Rg8+ Kf4 55. Rd8 Rg7 56. Rd4+ Ke5 57. Rd2 Rg2+ 58. Kh3 Ke4 59. Rb2 Rg4 60. Rb3 Rg2 61. Rb2 Rg1 62. Kh2 Re1 63. Kg3 Rg1+ 64. Kh2 Rg4 65. Kh3 Kf5 66. Rb3 Rf4 67. Rb5+ Kg6 68. Kg3 Rf5 69. Rb3 Kg5 70. Kh3 b5 71. Rb4 a5 72. Rb3 h4 73. Rb1 Kh5 74. Rb3 Kg5 75. Rb1 Kh5 76. Rb3 Kg5 1/2-1/2

[Event "Bykova Memorial op (Women)"]
[Site "Vladimir"]
[Date "2008.12.11"]
[Round "2"]
[White "Bezgodova, Maria"]
[Black "Koroteeva, Ksenia"]
[Result "0-1"]
[WhiteElo "2098"]
[BlackElo "1936"]
[PlyCount "98"]
[EventDate "2008.12.10"]
[EventType "swiss"]
[EventRounds "9"]
[EventCountry "RUS"]
[SourceTitle "EXT 2010"]
[Source "ChessBase"]
[SourceDate "2010.11.25"]
[SourceVersion "1"]
[SourceVersionDate "2010.11.25"]
[SourceQuality "1"]

1. d4 Nf6 2. c4 g6 3. Nc3 Bg7 4. Nf3 d6 5. Bg5 0-0 6. e3 a6 7. Be2 Nbd7 8. 0-0 Qe8 9. Nd5 Nxd5 10. cxd5 f6 11. Bf4 Nb6 12. Rc1 Nxd5 13. Bc4 Be6 14. Qb3 Qf7 15. Bg3 b5 16. Bxd5 Bxd5 17. Qa3 Rfc8 18. Nd2 f5 19. Rc2 e5 20. Rfc1 f4 21. exf4 exf4 22. Bh4 Bxd4 23. Qd3 Bb6 24. Ne4 Bxe4 25. Qxe4 Re8 26. Qf3 h6 27. Qg4 Qe6 28. Qxe6+ Rxe6 29. Kf1 g5 30. Bxg5 hxg5 31. g3 fxg3 32. hxg3 Rf8 33. Kg2 Ref6 34. Rf1 Rxf2+ 35. Rfxf2 Rxf2+ 36. Rxf2 Bxf2 37. Kxf2 Kf7 38. Kf3 Kf6 39. Ke4 Ke6 40. g4 c5 41. b3 d5+ 42. Kd3 Ke5 43. Ke3 c4 44. Kf3 d4 45. bxc4 bxc4 46. Ke2 Kf4 47. Kf2 d3 48. a4 c3 49. a5 c2 0-1

[Event "Moscow-ch (Women)"]
[Site "Moscow"]
[Date "2008.03.27"]
[Round "8"]
[White "Kalmykova, Anastasia"]
[Black "Koroteeva, Ksenia"]
[Result "1-0"]
[WhiteElo "2124"]
[BlackElo "1955"]
[PlyCount "39"]
[EventDate "2008.03.20"]
[EventType "swiss"]
[EventRounds "9"]
[EventCountry "RUS"]
[SourceTitle "CBM 123 Extra"]
[Source "ChessBase"]
[SourceDate "2008.05.06"]
[SourceVersion "1"]
[SourceVersionDate "2008.05.06"]
[SourceQuality "1"]

1. e4 c5 2. Nf3 Nc6 3. d4 cxd4 4. Nxd4 Nf6 5. Nc3 e6 6. Nxc6 bxc6 7. e5 Nd5 8. Nxd5 cxd5 9. Bd3 Ba6 10. 0-0 Bxd3 11. Qxd3 g6 12. Be3 Bg7 13. f4 0-0 14. Bc5 Re8 15. c4 Qc7 16. b4 dxc4 17. Qxc4 f6 18. exf6 Bxf6 19. Rae1 Kg7 20. Bf8+ 1-0

[Event "Moscow op-C 04th (Women)"]
[Site "Moscow"]
[Date "2008.02.08"]
[Round "7"]
[White "Koroteeva, Ksenia"]
[Black "Ivanova, Daria"]
[Result "1/2-1/2"]
[WhiteElo "1955"]
[BlackElo "2104"]
[PlyCount "34"]
[EventDate "2008.02.02"]
[EventType "swiss"]
[EventRounds "9"]
[EventCountry "RUS"]
[SourceTitle "CBM 122 Extra"]
[Source "ChessBase"]
[SourceDate "2008.03.04"]
[SourceVersion "1"]
[SourceVersionDate "2008.03.04"]
[SourceQuality "1"]

1. e4 d6 2. d4 Nf6 3. Nc3 Nbd7 4. Nf3 e5 5. Bc4 Be7 6. 0-0 0-0 7. Re1 c6 8. a4 Qc7 9. d5 a5 10. dxc6 bxc6 11. b3 Nb6 12. Bf1 Bg4 13. Be2 Rfd8 14. Be3 Nfd7 15. Ng5 Bxe2 16. Qxe2 h6 17. Nh3 Nf8 1/2-1/2

[Event "Moscow op-C 04th (Women)"]
[Site "Moscow"]
[Date "2008.02.03"]
[Round "2"]
[White "Bodnaruk, Anastasia"]
[Black "Koroteeva, Ksenia"]
[Result "1-0"]
[WhiteElo "2317"]
[BlackElo "1955"]
[PlyCount "41"]
[EventDate "2008.02.02"]
[EventType "swiss"]
[EventRounds "9"]
[EventCountry "RUS"]
[SourceTitle "CBM 122 Extra"]
[Source "ChessBase"]
[SourceDate "2008.03.04"]
[SourceVersion "1"]
[SourceVersionDate "2008.03.04"]
[SourceQuality "1"]

1. e4 c5 2. Nc3 Nc6 3. Nf3 e6 4. d4 cxd4 5. Nxd4 Nf6 6. Nxc6 bxc6 7. e5 Nd5 8. Ne4 Qc7 9. f4 c5 10. c4 Nb4 11. a3 Nc6 12. Bd3 Bb7 13. 0-0 Nd4 14. Be3 Nf5 15. Bf2 Rb8 16. Rb1 Ba8 17. Re1 d5 18. cxd5 Nd6 19. Nxc5 Nc4 20. Qa4+ Bc6 21. Qxc4 1-0